000 003580000a22001210004500
090 _aAS
_bSeriadas
245 1 0 _aNueva especie de Burmeistera (<Campanulaceae>) de Colombia
041 0 _aEspañol
700 1 _aGaleano Garcés, Gloria
_925270
100 1 _aLozano Contreras, Gustavo
_920520
942 _cARTICULO
773 1 _tCaldasia
_345
_h71-75
_q53-69
_d1986
_g15
999 _c14680
_d14680